広島電鉄1900形の愛称 - Statistics

General Stats
  • This quiz has been taken 6 times
  • The average score is 11 of 15
Answer Stats
車番 愛称 % Correct
1911 祇園
100%
1901 東山
83%
1902 桃山
83%
1907 銀閣
83%
1910 金閣
83%
1915 鞍馬
83%
1903 舞妓
67%
1904 かも川
67%
1905 比叡
67%
1906 西陣
67%
1908 あらし山
67%
1909 清水
67%
1912 大文字
67%
1913 嵯峨野
67%
1914 平安
67%
No matching quizzes found
Score Distribution
Percent of People with Each Score
Percentile by Number Answered
Your Score History
You have not taken this quiz